[Event "Schneider Bohemia Open"]
[Site "Pilsen CZE"]
[Date "2001.08.22"]
[Round "5"]
[White "Kriz,L"]
[Black "Folk,P"]
[Result "0-1"]
[WhiteElo "2139"]
[BlackElo "2279"]

1.e4 c5 2.Nc3 Nc6 3.Nf3 e6 4.d4 cxd4 5.Nxd4 Qc7 6.Nxc6 bxc6 7.Bd3 Nf6 8.O-O Bc5
9.Ne2 O-O 10.Ng3 d5 11.Nh5 Qe5 12.Nxf6+ Qxf6 13.Qh5 g6 14.Qg5 Qxg5 15.Bxg5 f6
16.Be3 Bxe3 17.fxe3 Rb8 18.b3 Kg7 19.Rac1 e5 20.Rfd1 Bg4 21.Re1 Rfd8 22.h3 Be6
23.Re2 d4 24.exd4 Rxd4 25.Re3 Rbd8 26.Rf1 Bf7 27.Rff3 c5 28.c3 R4d6 29.Bf1 a5
30.Rd3 Kf8 31.Kf2 Ke7 32.Ke3 Rxd3+ 33.Bxd3 a4 34.c4 axb3 35.axb3 Ra8 36.Rf2 Rb8
37.Bc2 Be6 38.Kd2 Bd7 39.Kc3 Bc6 40.Bd3 Ke6 41.g4 Ra8 42.Rb2 Ra1 43.Bb1 h5
44.b4 Ra3+ 45.Rb3 cxb4+ 46.Kxb4 Rxb3+ 47.Kxb3 hxg4 48.hxg4 Kd6 49.Bc2 Kc5
50.Kc3 Bd7 51.Bd1 Bc6 52.Kd3 Kb4 53.g5 fxg5 54.Bg4 Kc5 55.Be6 Be8 56.Ke3 Kd6
57.Bd5 Bd7 58.Kf3 Kc5 59.Bf7 g4+ 60.Ke3 g5 61.Bd5 Ba4 62.Be6 Bd1 63.Kd2 g3
64.Ke1 Kd4  0-1

[Event "Rubinstein Open"]
[Site "Polanica Zdroj POL"]
[Date "2001.08.22"]
[Round "7"]
[White "Babaev,Ra"]
[Black "Grabarska,B"]
[Result "1-0"]
[WhiteElo "2361"]
[BlackElo "2253"]

1.e4 c5 2.Nf3 e6 3.d4 cxd4 4.Nxd4 Nc6 5.Nc3 Qc7 6.f4 a6 7.Be2 d6 8.Be3 Nf6
9.O-O Be7 10.Kh1 O-O 11.a4 Bd7 12.Nb3 b6 13.Bf3 Rfe8 14.Qe2 Bc8 15.e5 Nd7
16.exd6 Bxd6 17.Rad1 Rb8 18.Qd3 Bc5 19.Nxc5 Nxc5 20.Qc4 Na5 21.Qe2 Nd7 22.f5 Bb7
23.fxe6 fxe6 24.Bxb7 Qxb7 25.Qg4 Ne5 26.Qh3 Nac4 27.Bf4 Nxb2 28.Rde1 Ng6
29.Bxb8 Qxb8 30.Rxe6 Rf8 31.Rxf8+ Nxf8 32.Re1 Qf4 33.Nd5 Qf2 34.Rg1 Qxc2
35.Rf1 Qe2 36.Qf5 Qe8 37.Nc7 Qe7 38.Qd5+ Kh8 39.Qa8  1-0

[Event "WJun Women"]
[Site "Athens GRE"]
[Date "2001.08.23"]
[Round "7"]
[White "Jackova,J"]
[Black "Charkhalashvili,I"]
[Result "0-1"]
[WhiteElo "2350"]
[BlackElo "2278"]

1.e4 c5 2.Nf3 e6 3.Nc3 Nc6 4.d4 cxd4 5.Nxd4 Qc7 6.Be3 a6 7.Bd3 Nf6 8.O-O b5
9.Nxc6 dxc6 10.f4 Be7 11.e5 Nd5 12.Nxd5 cxd5 13.Bd4 g6 14.c3 Bc5 15.Kh1 Bd7
16.Qe1 Rc8 17.Qh4 Be7 18.Qf2 Bc5 19.a4 Bxd4 20.Qxd4 bxa4 21.Bxa6 Rb8 22.Rfb1 Qb6
23.Qxb6 Rxb6 24.Be2 O-O 25.Bd1 Rfb8 26.Bxa4 Bxa4 27.Rxa4 Rxb2 28.Rxb2 Rxb2
29.h4 Rc2 30.Ra3 h6 31.Kh2 g5 32.hxg5 hxg5 33.fxg5 Kg7 34.Kg3 Re2 35.c4 dxc4
36.Rc3 Re4 37.Kf3 Rd4 38.Rc1 Kg6 39.Ke3 Rg4 40.Rc2 Kxg5 41.Rf2 Kg6 42.Rf6+ Kg7
43.Rf2 Rh4 44.Rc2 Kg6 45.Rc1 Rg4 46.Rc2 Kf5 47.Rf2+ Kxe5 48.Rxf7 Rxg2 49.Rc7 Rg3+
50.Kf2 Rc3 51.Rc6 Kd5 52.Ra6 e5 53.Rh6 Kd4 54.Rd6+ Ke4 55.Rh6 Rc2+ 56.Ke1 Ke3
57.Rh3+ Kd4 58.Kd1 Rg2 59.Rh8 e4 60.Rd8+ Ke3 61.Rc8 Rg1+ 62.Kc2 Kf2 63.Rxc4 e3
64.Rf4+ Ke1 65.Re4 e2 66.Re8 Rg7 67.Rf8 Rc7+ 68.Kb2 Rc5  0-1

[Event "WJun"]
[Site "Athens GRE"]
[Date "2001.08.23"]
[Round "7"]
[White "Carlsson,P"]
[Black "Horvath,Ad"]
[Result "1/2-1/2"]
[WhiteElo "2330"]
[BlackElo "2504"]

1.e4 c5 2.Nf3 e6 3.d4 cxd4 4.Nxd4 Nc6 5.Nc3 Qc7 6.Be2 a6 7.O-O Nf6 8.Kh1 Nxd4
9.Qxd4 Bc5 10.Qd3 b5 11.Bg5 Bb7 12.f4 Bb4 13.Bf3 Rc8 14.Bxf6 gxf6 15.Rad1 Bxc3
16.bxc3 Ke7 17.e5 f5 18.Qd6+ Ke8 19.Bxb7 Qxb7 20.Rf3 Rg8 21.Qd3 Qc6 22.Rg3 Ke7
23.c4 Rxg3 24.Qxg3 Qxc4 25.Qg5+ Ke8 26.Qg8+ Ke7 27.Qg5+ Ke8 28.Qg8+  1/2-1/2

[Event "21st Open"]
[Site "Bratto ITA"]
[Date "2001.08.23"]
[Round "2"]
[White "Ricci,A"]
[Black "Zichichi,A"]
[Result "0-1"]
[WhiteElo "2088"]
[BlackElo "2293"]

1.e4 c5 2.Nf3 e6 3.d4 cxd4 4.Nxd4 Nc6 5.Nc3 Qc7 6.Be2 a6 7.O-O b5 8.Nxc6 Qxc6
9.Bf3 Bb7 10.e5 Qc7 11.Bf4 Ne7 12.Bg3 Nf5 13.Bxb7 Qxb7 14.Qd3 Rc8 15.Rac1 Rc4
16.Ne2 h5 17.b3 Rc7 18.c4 h4 19.Bf4 h3 20.gxh3 Bc5 21.Bg3 Rxh3 22.cxb5 Nh4
23.bxa6 Qg2+  0-1

[Event "Open"]
[Site "Lisbon POR"]
[Date "2001.08.23"]
[Round "3"]
[White "Aleksieva,S"]
[Black "Costa,FJ"]
[Result "1-0"]
[WhiteElo "2360"]
[BlackElo "2056"]

1.e4 c5 2.Nf3 e6 3.d4 cxd4 4.Nxd4 Nc6 5.Nc3 Qc7 6.Be2 a6 7.O-O Nf6 8.Kh1 Be7
9.f4 d6 10.Be3 O-O 11.Qe1 Bd7 12.Qg3 b5 13.a3 Nxd4 14.Bxd4 Bc6 15.Bf3 Rad8
16.Rad1 Qb7 17.Rfe1 a5 18.Nd5 Kh8 19.Nxe7 Qxe7 20.Bc3 Qc7 21.Bxf6 gxf6 22.Qh4 Kg7
23.Rd3 e5 24.Bd1 exf4 25.Qxf4 Qe7 26.Rh3  1-0

[Event "Open"]
[Site "Lisbon POR"]
[Date "2001.08.23"]
[Round "3"]
[White "Kotronias,V"]
[Black "Torrado Quintela,J"]
[Result "1-0"]
[WhiteElo "2528"]
[BlackElo "2147"]

1.e4 c5 2.Nf3 e6 3.d4 cxd4 4.Nxd4 Nc6 5.Nc3 Qc7 6.Be3 a6 7.Bd3 Nf6 8.O-O Be7
9.Kh1 d6 10.f4 O-O 11.Qf3 Bd7 12.Rae1 b5 13.a3 Nxd4 14.Bxd4 Bc6 15.Qh3 g6
16.f5 e5 17.Be3 Nh5 18.Rf3 Nf4 19.Bxf4 exf4 20.Qh6  1-0

[Event "Rubinstein Open"]
[Site "Polanica Zdroj POL"]
[Date "2001.08.23"]
[Round "8"]
[White "Balcerak,P"]
[Black "Perdek,M"]
[Result "1/2-1/2"]
[WhiteElo "2170"]
[BlackElo "2312"]

1.e4 c5 2.Nf3 e6 3.d4 cxd4 4.Nxd4 Nc6 5.Nc3 a6 6.Be2 Qc7 7.O-O Nf6 8.Kh1 d6
9.a4 Be7 10.Be3 O-O 11.f4 Rd8 12.Bd3 Nxd4 13.Bxd4 e5 14.Bg1 exf4 15.a5 Re8
16.Bb6 Qc6 17.Rxf4 Be6 18.Ne2  1/2-1/2

[Event "Rubinstein Open"]
[Site "Polanica Zdroj POL"]
[Date "2001.08.23"]
[Round "8"]
[White "Krzesaj,R"]
[Black "Lukaszewski,M"]
[Result "1/2-1/2"]
[WhiteElo "2073"]
[BlackElo "2196"]

1.e4 c5 2.Nf3 e6 3.d4 cxd4 4.Nxd4 Nc6 5.Nc3 d6 6.Bc4 Nf6 7.O-O Be7 8.Be3 O-O
9.Bb3 Na5 10.f4 Nxb3 11.axb3 a6 12.Qf3 Qc7 13.Ndb5 Qb8 14.Nd4 Qc7 15.Ndb5  1/2-1/2

[Event "WJun"]
[Site "Athens GRE"]
[Date "2001.08.24"]
[Round "8"]
[White "Zhao Zong Yuan"]
[Black "Horvath,Ad"]
[Result "0-1"]
[WhiteElo "2359"]
[BlackElo "2504"]

1.e4 c5 2.Nf3 e6 3.d4 cxd4 4.Nxd4 Nc6 5.Nc3 Qc7 6.f4 Nxd4 7.Qxd4 a6 8.Be2 b5
9.Be3 Bb7 10.O-O-O Rc8 11.Rd2 Nf6 12.Bf3 Be7 13.Rhd1 O-O 14.e5 b4 15.Na4 Bxf3
16.gxf3 Nd5 17.Nb6 Nxb6 18.Qxb6 Qc4 19.b3 Qc3 20.Qd4 h5 21.Kb1 h4 22.Qe4 f5
23.Qd3 Kf7 24.Qe2 a5 25.Rd3 Qc6 26.Qg2 h3 27.Qf2 Rc7 28.Bb6 Rb7 29.Bd4 Rh8
30.Rg1 Rh6 31.Qf1 Rc7 32.c4 bxc3 33.Rxc3 Qb7 34.Qd3 Rxc3 35.Bxc3 a4 36.Kc2 Qa7
37.Rd1 Rg6 38.b4 Rg2+ 39.Rd2 Qg1 40.b5 Rxh2 41.Bd4 Rxd2+ 42.Qxd2 h2 43.b6 Qg3
44.b7 h1=Q 45.b8=Q Qhxf3 46.Qb5 Qe4+ 47.Kc1 Ba3+ 48.Bb2 Qg1+ 49.Qd1 Qb1+  0-1

[Event "Open"]
[Site "Lisbon POR"]
[Date "2001.08.24"]
[Round "4"]
[White "Torrado Quintela,J"]
[Black "De la Villa Garcia,J"]
[Result "1/2-1/2"]
[WhiteElo "2147"]
[BlackElo "2470"]

1.e4 c5 2.Nc3 Nc6 3.Nf3 e6 4.d4 cxd4 5.Nxd4 Nf6 6.Nxc6 bxc6 7.Bd3 e5 8.O-O d6
9.Kh1 Be7 10.f4 exf4 11.Bxf4 Ng4 12.Qf3 Be6 13.Qg3 Bh4 14.Qf3 O-O 15.Nd1 Bf6
16.c3 Rb8 17.b3 Be5 18.Ne3 Nxe3 19.Qxe3 Qa5 20.b4 Bxf4 21.Qxf4 Qe5 22.Qxe5 dxe5
23.Be2 Rfd8 24.Rfd1 Kf8 25.Kg1 g6 26.g4 Ke7 27.Kf2 c5 28.Rxd8 Kxd8 29.a3 Kc7
30.Ke3 h6 31.h4 a5 32.Rb1 axb4 33.axb4 Ra8 34.bxc5 Ra3 35.Kd2 Ra2+ 36.Ke3 Ra3
37.Kd2 Ra5 38.h5 gxh5 39.gxh5 Rxc5 40.Rf1 Rc6 41.Rf6 Ba2 42.Rxc6+ Kxc6 43.c4 Kc5
44.Kc3 Bb1 45.Bf3 f5 46.exf5 Bxf5 47.Bd5 Bb1 48.Bf7 Be4 49.Bg6 Bf3 50.Kd3 e4+  1/2-1/2

[Event "Rubinstein Open"]
[Site "Polanica Zdroj POL"]
[Date "2001.08.24"]
[Round "9"]
[White "Betkowski,A"]
[Black "Swic,W"]
[Result "1/2-1/2"]
[WhiteElo "2190"]
[BlackElo "2312"]

1.e4 c5 2.Nf3 Nc6 3.d4 cxd4 4.Nxd4 e6 5.Nc3 Be7 6.Be3 Nf6 7.Be2 O-O 8.f4 d6
9.Nb3 b6 10.O-O Qc7 11.Bf3 Bb7 12.Rf2 Na5 13.Nxa5 bxa5 14.Qd3 Nd7 15.Nb5 Qb8
16.c4 Rd8 17.Rd1 a6 18.Nd4 Qc7 19.b3 Rac8 20.Ne2 Qb8  1/2-1/2

[Event "Rubinstein Open"]
[Site "Polanica Zdroj POL"]
[Date "2001.08.24"]
[Round "9"]
[White "Szelag,M"]
[Black "Dobrowolski,A"]
[Result "1-0"]
[WhiteElo "2404"]
[BlackElo "2222"]

1.e4 c5 2.Nf3 e6 3.d4 cxd4 4.Nxd4 Nc6 5.Nc3 Qc7 6.Be2 a6 7.O-O Nf6 8.Kh1 Nxd4
9.Qxd4 Bc5 10.Qd3 b5 11.Bg5 Bb7 12.Rad1 h5 13.e5 Ng4 14.Bxg4 hxg4 15.Ne4 Bd5
16.Rfe1 f5 17.Nd6+ Bxd6 18.Qxd5  1-0

[Event "Rubinstein Open"]
[Site "Polanica Zdroj POL"]
[Date "2001.08.24"]
[Round "9"]
[White "Glazik,M"]
[Black "Zozulia,A"]
[Result "1/2-1/2"]
[WhiteElo "2151"]
[BlackElo "2339"]

1.e4 c5 2.Nf3 Nc6 3.Nc3 e6 4.d4 cxd4 5.Nxd4 Nf6 6.Ndb5 d6 7.Bf4 e5 8.Bg5 a6
9.Na3 b5 10.Nd5 Be7 11.Bxf6 Bxf6 12.c3 O-O 13.Nc2 Bg5 14.a4 bxa4 15.Rxa4 a5
16.Bc4 Rb8 17.b3 Kh8 18.O-O g6 19.Nce3 Bh6 20.Kh1 Bg7  1/2-1/2

[Event "WJun"]
[Site "Athens GRE"]
[Date "2001.08.25"]
[Round "9"]
[White "Zenklusen,R"]
[Black "Bar,R"]
[Result "1/2-1/2"]
[WhiteElo "2220"]
[BlackElo "2412"]

1.e4 c5 2.Nf3 e6 3.d4 cxd4 4.Nxd4 Nc6 5.Nc3 Qc7 6.g3 a6 7.Bg2 Nf6 8.O-O Bc5
9.Nxc6 dxc6 10.Na4 Ba7 11.c4 Nd7 12.b4 a5 13.b5 e5 14.Rb1 Bd4 15.Bb2 c5 16.Bxd4 cxd4
17.c5 Nxc5 18.Qc2 b6 19.Rfc1 Be6 20.Nxc5 Qxc5 21.Qxc5 bxc5 22.Rxc5 Bxa2 23.Rxe5+ Kd7
24.Rd1 Rhd8 25.Rc5 Ke8 26.b6 Rab8 27.Rxa5 Bb3 28.Rd2 Rxb6 29.e5 Bc4 30.f4 Ra6
31.Rxa6 Bxa6 32.Bf1 Bc8 33.Kf2 Ke7 34.Bd3 g6  1/2-1/2

[Event "Julian Borowski Rapid"]
[Site "Mainz GER"]
[Date "2001.08.25"]
[Round "7"]
[White "Mainka,R"]
[Black "Lutz,C"]
[Result "1-0"]
[WhiteElo "2459"]
[BlackElo "2643"]

1.e4 c5 2.Nf3 e6 3.d4 cxd4 4.Nxd4 Nc6 5.Nc3 Qc7 6.Be3 a6 7.Nb3 b5 8.f4 Bb7
9.Bd3 d6 10.Qh5 Nf6 11.Qh3 Be7 12.O-O Rd8 13.a4 b4 14.Ne2 a5 15.Nd2 Nd7 16.Rae1 Nc5
17.f5 exf5 18.Bxc5 dxc5 19.exf5 Ne5 20.Qg3 c4 21.Nxc4 Qc5+ 22.Ne3 Bf6 23.Bb5+ Kf8
24.Nf4 h5 25.h3 Rd2 26.Re2 Rxe2 27.Nxe2 h4 28.Qf2 Bg5 29.Nf4 Nf3+ 30.gxf3 Bxf4
31.Ng4 Qxf2+ 32.Kxf2 Ke7 33.Re1+ Kd6 34.Rd1+ Kc5 35.Rd7 Bd5 36.Ne3 Bxe3+
37.Kxe3 Re8+ 38.Kf2 Re5 39.Bd3 Re8 40.Ra7 Kb6 41.Ra6+ Kc7 42.Rxa5 Bc6 43.Ra7+ Kb6
44.Rxf7 Bxa4 45.b3 Bc6 46.Rxg7 Rf8 47.Ke3 Kc5 48.Kf4 Kd6 49.Rh7 Bd7 50.Rxh4 Rg8
51.Rh6+ Ke7 52.h4 Rg1 53.f6+ Kd6 54.Rh8 Be6 55.h5 Rh1 56.h6 Kd7 57.h7 Rh6
58.Kg5 Rh3 59.Ra8 Rg3+ 60.Kf4 Rh3 61.h8=Q Rxh8 62.Rxh8 Kd6 63.Rh7 Kc6 64.Ke5 Bg8
65.f7 Bxf7 66.Rxf7 Kc5 67.Rc7+ Kb6 68.Kd6 Ka5 69.Rc5+ Kb6 70.Rb5+ Ka7 71.Kc6 Ka8
72.Kc7  1-0

[Event "Rubinstein Open"]
[Site "Polanica Zdroj POL"]
[Date "2001.08.25"]
[Round "10"]
[White "Averjanov,A"]
[Black "Blimke,D"]
[Result "1/2-1/2"]
[WhiteElo "2338"]
[BlackElo "2206"]

1.e4 c5 2.Nf3 e6 3.d4 cxd4 4.Nxd4 Nc6 5.Nc3 Qc7 6.Be3 a6 7.Bd3 Nf6 8.O-O Ne5
9.h3 Bc5 10.Kh1 d6 11.f4 Ng6 12.Qe1 O-O 13.f5 Ne5 14.Qh4 b5 15.Rf3 Nxf3 16.gxf3 Kh8
17.Rg1 Rg8 18.Rxg7 Rxg7 19.Qxf6 Bd7 20.Bh6 Rg8  1/2-1/2

[Event "Rubinstein Open"]
[Site "Polanica Zdroj POL"]
[Date "2001.08.25"]
[Round "10"]
[White "Lukaszewski,M"]
[Black "Perdek,M"]
[Result "1/2-1/2"]
[WhiteElo "2196"]
[BlackElo "2312"]

1.e4 c5 2.Nf3 e6 3.d4 cxd4 4.Nxd4 Nc6 5.Nc3 d6 6.Be2 Nf6 7.Be3 Be7 8.O-O O-O
9.f4 Qc7 10.Kh1 a6 11.a4 Re8 12.Bf3 Bf8 13.Qd3 Nb4 14.Qd2 e5 15.Nde2 d5 16.fxe5 Nxe4
17.Nxe4 dxe4 18.Bxe4 Qxe5 19.Nc3 Be6 20.Bd4 Rad8 21.Rad1 Qc7  1/2-1/2

[Event "Schwarzach Open A"]
[Site "Salzburg AUT"]
[Date "2001.08.25"]
[Round "1"]
[White "Navratil,R"]
[Black "Medvegy,Z"]
[Result "0-1"]
[WhiteElo "2174"]
[BlackElo "2430"]

1.e4 c5 2.Nf3 e6 3.d4 cxd4 4.Nxd4 Nc6 5.Nc3 Qc7 6.Be2 a6 7.O-O Nf6 8.Kh1 Nxd4
9.Qxd4 Bc5 10.Qd3 b5 11.f4 h5 12.Be3 b4 13.Na4 Bxe3 14.Qxe3 Bb7 15.Bd3 Bc6
16.Nb6 Rb8 17.Nc4 Bxe4 18.Bxe4 Qxc4 19.Bd3 Qc6 20.f5 h4 21.h3 Nh5 22.Rf3 Ng3+
23.Kg1 Qb6 24.Re1 Ke7 25.Kh2 Qxe3 26.Rexe3 Rb6 27.Rf4 Rh5 28.Kg1 a5 29.Kf2 f6
30.Kf3 e5 31.Kg4 Rb8 32.Rd4 Rg5+ 33.Kf3 Nxf5 34.Bxf5 Rxf5+ 35.Ke2 Rg5 36.Kf1 Rc8  0-1

[Event "WJun"]
[Site "Athens GRE"]
[Date "2001.08.26"]
[Round "10"]
[White "Ni Hua"]
[Black "Gagunashvili,M"]
[Result "1/2-1/2"]
[WhiteElo "2568"]
[BlackElo "2444"]

1.e4 c5 2.Nf3 e6 3.d4 cxd4 4.Nxd4 Nc6 5.Nc3 Qc7 6.Be2 a6 7.O-O Nf6 8.Kh1 Be7
9.f4 d6 10.Be3 O-O 11.Qe1 Na5 12.Qg3 Nc4 13.Bxc4 Qxc4 14.e5 Nh5 15.Qf3 g6
16.Ne4 dxe5 17.fxe5 Bd7 18.Rad1 f5 19.exf6 Nxf6 20.b3 Qd5 21.Nf5 Qxf5 22.Nxf6+ Rxf6
23.Qxf5 Rxf5 24.Rxf5 exf5 25.Rxd7 Re8 26.Kg1 Bh4 27.Bf2 Rd8  1/2-1/2

[Event "Ron Banwell Masters"]
[Site "London ENG"]
[Date "2001.08.26"]
[Round "9"]
[White "Barua,D"]
[Black "Mishra,N"]
[Result "1-0"]
[WhiteElo "2499"]
[BlackElo "2293"]

1.e4 c5 2.Nf3 e6 3.d4 cxd4 4.Nxd4 Nc6 5.Nc3 Qc7 6.Be2 a6 7.O-O Nf6 8.Be3 Bb4
9.Na4 O-O 10.Nxc6 bxc6 11.c4 Bd6 12.f4 Nxe4 13.Bd3 f5 14.c5 Be7 15.Bxe4 fxe4
16.Qd4 a5 17.Qxe4 Rb8 18.Nb6 Rf5 19.Rac1 Bxc5 20.Bxc5 Rxb6 21.Bxb6 Qxb6+
22.Rf2 c5 23.Qe3 Bb7 24.h3 Qd6 25.Rfc2 Qc6 26.b3 Kf7 27.a3 d6 28.Re1 Rf6
29.b4 axb4 30.axb4 c4 31.Qd4 Ba6 32.Rd1 Bb5 33.Qxd6 Qxd6 34.Rxd6 Rxf4 35.Rb6 Ba4
36.Rf2 g5 37.Ra6 Bb3 38.g3 Rxf2 39.Kxf2 c3 40.Ke3 c2 41.Kd2 e5 42.Ra3 Be6
43.b5 Bxh3 44.b6 Bg2 45.b7 Bxb7 46.Ra7 h5 47.Rxb7+ Kg6 48.Kxc2 Kf5 49.Kd3 h4
50.gxh4 gxh4 51.Ke3 e4 52.Rg7  1-0

[Event "21st Open"]
[Site "Bratto ITA"]
[Date "2001.08.27"]
[Round "6"]
[White "Bellini,F"]
[Black "Contin,D"]
[Result "1-0"]
[WhiteElo "2499"]
[BlackElo "2382"]

1.e4 c5 2.Nf3 e6 3.d4 cxd4 4.Nxd4 Nc6 5.Nc3 Qc7 6.g3 a6 7.Bg2 Bc5 8.Nb3 Ba7
9.Qg4 Kf8 10.Bf4 Ne5 11.Bxe5 Qxe5 12.f4 Qc7 13.O-O-O b5 14.e5 f5 15.exf6 Nxf6
16.Qe2 Bb7 17.Bxb7 Qxb7 18.Rhe1 h5 19.Nd2 Bd4 20.Nce4 Nd5 21.Nf3 Bf6 22.f5 Rh6
23.fxe6 dxe6 24.Nc5 Qc6 25.Nxe6+ Kg8 26.Nfd4 Qd6 27.Qd3 Ne7 28.Qb3 Bxd4 29.Rxd4 Qb6
30.Ng5+ Kh8 31.Nf7+ Kh7 32.Qd3+ g6 33.Nxh6  1-0

[Event "10th Open"]
[Site "Kavala GRE"]
[Date "2001.08.27"]
[Round "7"]
[White "Tzintzios,G"]
[Black "Andrijevic,M"]
[Result "1/2-1/2"]
[WhiteElo "2165"]
[BlackElo "2366"]

1.e4 c5 2.Nf3 Nc6 3.d4 cxd4 4.Nxd4 e6 5.Nc3 Qc7 6.Be2 a6 7.O-O Nf6 8.Nxc6 bxc6
9.f4 d5 10.Bd3 Be7 11.Kh1 c5 12.e5 Nd7 13.b3 Bb7 14.Qe2 g6 15.Bd2 h5 16.Rae1 Nb6
17.Nd1 c4 18.bxc4 Nxc4 19.Ne3 Nb2 20.Rb1 Nxd3 21.cxd3 O-O 22.f5 Rfe8 23.fxg6 fxg6
24.Qf3 Rf8 25.Qh3 Bc8 26.Qg3 Kh7 27.Rxf8 Bxf8 28.Rf1 Bg7 29.d4 Rb8 30.Rc1 Qd7
31.Nd1 Bb7 32.Bb4 Bc6 33.Bd6 Rb7 34.Nf2 Bh6 35.Ra1 Qf7 36.Nd3  1/2-1/2

[Event "Ron Banwell Masters"]
[Site "London ENG"]
[Date "2001.08.27"]
[Round "10"]
[White "Thipsay,P"]
[Black "Mishra,N"]
[Result "1-0"]
[WhiteElo "2453"]
[BlackElo "2293"]

1.e4 c5 2.Nf3 e6 3.d4 cxd4 4.Nxd4 Nc6 5.Nc3 Qc7 6.Be3 a6 7.Bd3 b5 8.O-O Bb7
9.Nxc6 Bxc6 10.Qe2 Nf6 11.Bd4 Qd6 12.Bxf6 gxf6 13.Rad1 Qe5 14.f4 Qc5+ 15.Kh1 Be7
16.a3 h5 17.Qd2 h4 18.h3 Rg8 19.Be2 b4 20.axb4 Qxb4 21.Bf3 Qxb2 22.Nd5 Bd8
23.Rb1 Qa3 24.Qd4 Bxd5 25.exd5 Qd6 26.Qa4 Rb8 27.dxe6 fxe6 28.Rbd1 Rb4 29.Bh5+ Kf8
30.Rxd6 Rxa4 31.Rxd7 Be7 32.Rb1  1-0

[Event "ADCF Masters"]
[Site "Abu Dhabi UAE"]
[Date "2001.08.29"]
[Round "5"]
[White "Rizouk,A"]
[Black "Mamedov,C"]
[Result "1-0"]
[WhiteElo "2442"]
[BlackElo "2224"]

1.e4 c5 2.Nf3 Nc6 3.d4 cxd4 4.Nxd4 e6 5.Nc3 a6 6.Be2 d6 7.Be3 Be7 8.g4 Nf6
9.g5 Nd7 10.h4 Qc7 11.h5 b5 12.Nxc6 Qxc6 13.Qd4 Rg8 14.O-O-O Bb7 15.g6 hxg6
16.hxg6 fxg6 17.Bg4 Nf8 18.Rhe1 Rc8 19.a3 Kf7 20.f4 Nd7 21.Rg1 Nf6 22.Bf3 Rh8
23.Qd2 Rh3 24.Bg2 Rh2 25.Rde1 a5 26.Qd4 Ng4 27.Bd2 Bf6 28.e5 Rxg2 29.Rxg2 Qxg2
30.exf6 Nxf6 31.Nxb5 Kf8 32.Nxd6 Rd8 33.Qb6 Rd7 34.Nc4 Qd5  1-0

[Event "WJun"]
[Site "Athens GRE"]
[Date "2001.08.29"]
[Round "13"]
[White "Azarov,S"]
[Black "Horvath,Ad"]
[Result "1/2-1/2"]
[WhiteElo "2461"]
[BlackElo "2504"]

1.e4 c5 2.Nf3 e6 3.d4 cxd4 4.Nxd4 Nc6 5.Nc3 Qc7 6.Ndb5 Qb8 7.Be3 a6 8.Nd4 Qc7
9.Bd3 Nf6 10.O-O h5 11.h3 b5 12.Nxc6 Qxc6 13.a3 Bb7 14.Qe2 Rc8 15.Rfd1 Bd6
16.f4 Bc5 17.Rd2 h4 18.Kh2 Nh5 19.Rad1 g5 20.fxg5 Qc7+ 21.Kg1 Rg8 22.Bxc5 Qxc5+
23.Qf2 Rxg5 24.Qxc5 Rgxc5 25.Rf2 Re5 26.Be2 Ng3 27.Bd3 Ke7 28.Rf4 Rh8 29.Rd2 Rhh5
30.b4 d5 31.exd5 Bxd5 32.Nxd5+ Rxd5 33.Rff2 Rhe5 34.Rd1 f5 35.Rfd2 Re3 36.a4 f4
37.axb5 axb5 38.Ra1 Kf6 39.Rf2 Kg5 40.Rf3 Ree5 41.Kf2 Ne4+ 42.Kg1 Nf6 43.Ra7 Rd7
44.Ra5 Rd4 45.Ra7 Rxb4 46.Rg7+ Kh5 47.Rf1 Ra4 48.Rb1 b4 49.Rf1 Nd5 50.Bc4 Rg5
51.Rh7+ Kg6 52.Bd3+ Kf6 53.Rxh4 Ke5 54.Rh8 Ne3 55.Rf2 Ra1+ 56.Kh2 Rg7 57.Rf8 Nd5
58.Bc4 Ne3 59.Bd3 Rd1 60.Rb8 Nd5 61.Re2+ Kf6 62.Rf8+ Ke7 63.Rb8 Kf6 64.Rf8+ Ke7
65.Rb8 Kf6  1/2-1/2

[Event "10th Open"]
[Site "Kavala GRE"]
[Date "2001.08.29"]
[Round "9"]
[White "Fakhiridou,E"]
[Black "Andrijevic,M"]
[Result "0-1"]
[WhiteElo "2273"]
[BlackElo "2366"]

1.e4 c5 2.Nf3 Nc6 3.d4 cxd4 4.Nxd4 e6 5.Nc3 Qc7 6.Be2 a6 7.Be3 Nf6 8.O-O Bb4
9.Na4 Be7 10.c4 d6 11.Nc3 Ne5 12.Rc1 O-O 13.f4 Ng6 14.g4 h6 15.Nb3 Bd7 16.Qe1 Qd8
17.Qg3 b5 18.Nd2 b4 19.Nd1 Bc6 20.Nf2 Nd7 21.Nd3 a5 22.Bf3 Rc8 23.Rfd1 Qc7
24.Bg2 Qb8 25.f5 Nde5 26.Nxe5 Nxe5 27.Bf4 Bg5 28.Nf3 Qa7+ 29.Kh1 Bxe4 30.Nxg5 Bxg2+
31.Kxg2 hxg5 32.Bxe5 dxe5 33.Qxe5 Rc5 34.Qe4 exf5 35.gxf5 Qc7 36.Rf1 Qd6
37.Rcd1 Qf6 38.Rf2 Re5 39.Qg4 Rfe8 40.b3 Re4 41.Qg3 Re3 42.Qd6 Qc3 43.Qd4 a4
44.bxa4 Qa3 45.f6 R3e4 46.Qd7 gxf6 47.Rxf6 Qxa2+ 48.Rf2 Qxc4 49.Rd5 Rg4+  0-1

[Event "IX Open"]
[Site "Albacete ESP"]
[Date "2001.08.31"]
[Round "2"]
[White "Gofshtein,Z"]
[Black "Buenafe,J"]
[Result "1-0"]
[WhiteElo "2518"]
[BlackElo "2238"]

1.e4 c5 2.Nf3 e6 3.Nc3 Nc6 4.d4 cxd4 5.Nxd4 Qc7 6.Be3 Nf6 7.f4 d6 8.Be2 Be7
9.g4 a6 10.g5 Nd7 11.f5 Nxd4 12.Qxd4 Ne5 13.Rf1 Bd7 14.O-O-O Rc8 15.Kb1 b5
16.a3 Qc5 17.Qd2 Nc4 18.Bxc4 Qxc4 19.f6 gxf6 20.gxf6 Bf8 21.Bf4 Rc6 22.Rg1 b4
23.axb4 Qxb4 24.Rg3 Rb6 25.Qc1 Rc6 26.Bh6 Bxh6 27.Qxh6 Rb6 28.b3 Bc6 29.Qg7 Rf8
30.Rdg1 d5 31.exd5 Bxd5 32.Nxd5 exd5 33.Re3+ Re6 34.Rxe6+ fxe6 35.Qc7 Rxf6
36.Rg8+ Rf8 37.Rg7 Rf1+ 38.Ka2  1-0

[Event "EYCC B14"]
[Site "Halkidiki GRE"]
[Date "2001.09.01"]
[Round "2"]
[White "Czarnota,P"]
[Black "Braun,A"]
[Result "0-1"]
[WhiteElo "2068"]
[BlackElo "2235"]

1.e4 c5 2.Nf3 e6 3.d4 cxd4 4.Nxd4 Nc6 5.Nc3 Qc7 6.Be3 a6 7.Bd3 Nf6 8.O-O h5
9.h3 Bd6 10.Qd2 b5 11.a3 Bb7 12.f4 Bc5 13.Nb3 Bxe3+ 14.Qxe3 d6 15.Rad1 Rd8
16.Rd2 Ba8 17.Kh1 h4 18.Rdf2 Nh5 19.Ne2 Qa7 20.Qd2 Ne7 21.Nbd4 Bb7 22.f5 e5
23.Nf3 d5 24.exd5 Rxd5 25.Qg5 Rh6 26.f6 e4 27.Ne5 gxf6 28.Qxh6 Rxe5 29.Rxf6 exd3
30.Rd6 Bxg2+ 31.Kh2 Ng6 32.Rxg6 Bxf1 33.Qh8+ Kd7 34.Qxe5 Qf2+ 35.Kh1 fxg6
36.Qd5+ Ke7 37.Qc5+ Kf7 38.Qc7+ Kg8  0-1

[Event "EYCC B18"]
[Site "Halkidiki GRE"]
[Date "2001.09.01"]
[Round "2"]
[White "Sebe,R"]
[Black "Kalaitzidis,P"]
[Result "1-0"]
[WhiteElo "2278"]
[BlackElo "2116"]

1.e4 c5 2.Nc3 e6 3.Nf3 Nc6 4.d4 cxd4 5.Nxd4 Nf6 6.Be2 Bb4 7.O-O O-O 8.Nxc6 bxc6
9.e5 Ne8 10.Qd4 Qa5 11.a3 Bxc3 12.bxc3 f6 13.Bf4 fxe5 14.Bxe5 Rf5 15.Bg3 Rd5
16.Qe3 Rc5 17.c4 Ba6 18.Rad1 Rd8 19.Rxd7 Rxd7 20.Qxe6+ Rf7 21.Qxe8+ Rf8 22.Qe6+ Kh8
23.Bd6 Rg8 24.Bxc5 Qxc5 25.Qe3 Qf5 26.Bd3 Qf7 27.Qe4 g6 28.Qxc6 Bb7 29.Qc5 Qf4
30.Qe3 Qd6 31.Re1  1-0

[Event "Schwarzach Open A"]
[Site "Salzburg AUT"]
[Date "2001.09.01"]
[Round "8"]
[White "Stephan,Ax"]
[Black "Bylino,O"]
[Result "1-0"]
[WhiteElo "2278"]
[BlackElo "2237"]

1.e4 c5 2.Nc3 e6 3.Nf3 Nc6 4.d4 cxd4 5.Nxd4 Nf6 6.Ndb5 d6 7.Bf4 e5 8.Bg5 a6
9.Na3 Be6 10.Nc4 Rc8 11.Bxf6 gxf6 12.Ne3 Bg7 13.Bd3 Ne7 14.O-O Qb6 15.Rb1 h5
16.h4 Kd7 17.Qe2 Bh6 18.Ncd5 Bxd5 19.Nxd5 Nxd5 20.exd5 Ke7 21.Bf5 Rc7 22.Rfd1 Qa5
23.a3 Qa4 24.g3 Bf8 25.Qf3 Ke8 26.b4 Be7 27.Qe3 Bd8 28.Qb6 Ke7 29.c4 Qxa3
30.Rdc1 Qf3 31.Bh3 Rd7 32.Qa7 f5 33.c5 dxc5 34.bxc5 e4 35.Qb8 Kf6 36.c6 Rc7
37.cxb7 Rg8 38.Rxc7 Rxg3+ 39.fxg3 Qxg3+ 40.Bg2 Bxc7 41.Qh8+ Ke7 42.d6+ Bxd6
43.Qd4  1-0

[Event "IX Open"]
[Site "Albacete ESP"]
[Date "2001.09.02"]
[Round "5"]
[White "Aleksieva,S"]
[Black "Delchev,A"]
[Result "0-1"]
[WhiteElo "2360"]
[BlackElo "2629"]

1.e4 c5 2.Nf3 e6 3.d4 cxd4 4.Nxd4 Nc6 5.Nc3 Qc7 6.Be2 a6 7.O-O Nf6 8.a3 Be7
9.Kh1 O-O 10.f4 d6 11.Be3 Re8 12.Qe1 Nxd4 13.Bxd4 e5 14.fxe5 dxe5 15.Qg3 Bd8
16.Be3 Kh8 17.Bd3 Be6 18.Rad1 Qc6 19.Rd2 Ng4 20.Bg1 Ba5 21.Be2 Bxc3 22.bxc3 Nh6
23.Qxe5 Bf5 24.Qg3 Bxe4 25.Bd4 Qg6 26.Qxg6 hxg6 27.Bd3 Nf5 28.Bxe4 Rxe4 29.a4 Kg8
30.Rb1 Rd8 31.h3 Rd7 32.Kh2 f6 33.Rb4 g5 34.Kg1 Kf7 35.Bf2 Rxd2 36.Rxe4 Rd1+
37.Kh2 Rf1 38.Bg3 Rc1 39.Rb4 Rxc2 40.Rxb7+ Kg6 41.Ra7 Ne3 42.Bd6 Nxg2 43.Rxa6 Nf4+
44.Kh1 Nxh3 45.a5 Kh5 46.Ra8 Kg4 47.Bc5 Kg3  0-1

[Event "EYCC G16"]
[Site "Halkidiki GRE"]
[Date "2001.09.02"]
[Round "3"]
[White "Adondakis,H"]
[Black "Datuashvili,N"]
[Result "1/2-1/2"]
[WhiteElo "2043"]
[BlackElo "2200"]

1.e4 c5 2.Nf3 e6 3.d4 cxd4 4.Nxd4 Nc6 5.Nc3 Qc7 6.Be3 a6 7.Qd2 b5 8.O-O-O Nf6
9.f3 Bb7 10.g4 Bb4 11.Nxc6 Bxc6 12.Kb1 Rc8 13.Bd4 e5 14.Be3 O-O 15.Qd3 Bxc3
16.Qxc3 d5 17.g5 d4 18.Qd3 Nd7 19.Bc1 b4 20.Bh3 Ba4 21.b3 Bb5 22.Qd2 a5 23.Bxd7 Bxd7
24.h4 a4 25.Rh2 axb3 26.cxb3 Qc5 27.Bb2 Ra8 28.Ba1 Bc6 29.Re1 Rfd8 30.f4 exf4
31.Qxf4 Rd7 32.Rc1 Qb5 33.Rd2 Rad8 34.Rc4 Qb6 35.Bxd4 Qb7 36.Be3 Rxd2 37.Bxd2 Re8
38.e5 Bb5 39.Rxb4 Bd3+ 40.Kb2 Qh1 41.Bc1 Rc8 42.Qd2 g6 43.Rd4 Rc2+ 44.Qxc2 Bxc2
45.Kxc2 Kf8 46.a4 Qh2+ 47.Kb1 Qxe5 48.Bb2 Qg3 49.Ka2 Qc7 50.Rc4 Qb6 51.Bd4 Qa5
52.Bc3 Qb6 53.a5 Qa6 54.Rf4 Qe2+ 55.Ka3 Ke8 56.Rb4 Qd3 57.Bd4 Qa6 58.Rb8+ Kd7
59.Bb6 Qf1 60.Rb7+ Kc6 61.Rc7+ Kb5 62.Rc5+ Ka6 63.b4 Qd3+ 64.Ka2 Qd2+ 65.Ka3 Qd3+  1/2-1/2